[Event "Polar Capital Jersey Festival"]
[Site "St. Helier"]
[Date "2017.04.07"]
[Round "8"]
[White "Speelman, Jon S"]
[Black "House, Glenn L"]
[Result "1-0"]
[WhiteElo "2511"]
[BlackElo "2211"]
[Annotator "TA"]
[PlyCount "111"]
[EventDate "2017.??.??"]
[EventCountry "JCI"]
[SourceTitle "playchess.com"]
[Source "ChessBase"]
[SourceQuality "1"]

{[%evp 8,111,12,7,12,13,14,8,15,13,22,11,27,28,43,29,37,35,25,36,70,59,145,139,144,125,147,131,123,128,125,145,190,176,198,171,181,164,172,153,162,160,153,148,176,152,166,125,177,169,164,162,159,160,164,158,157,125,130,99,134,123,159,152,163,160,156,134,231,231,218,203,353,349,430,353,445,440,513,488,537,537,522,546,665,683,835,791,1223,1214,1195,1181,1315,1311,1258,1301,1293,1173,2343,2391,2145,1874,1871,1833,29990,29991]} 1. Nf3 c5 2. g3 b5 {A04: Unusual lines after 1 Nf3 and King's Indian Attack} (2... g6 3. Bg2 Bg7 4. O-O Nc6 5. c3 e5 6. e4 Nge7 7. d3 O-O 8. a3 d6 9. b4 b6 10. b5 Na5 11. c4 h6 12. a4 Be6 13. Bd2 f5 14. Bxa5 bxa5 15. Nbd2 f4 16. Nb3 g5 17. Re1 Ng6 {0-1 (35) Kozul,Z (2613)-Dominguez Perez,L (2739) Doha 2016}) 3. a4 b4 4. Bg2 Bb7 5. O-O {LiveBook: 3 Games} e6 6. d3 Be7 7. e4 d6 8. Nbd2 Nf6 9. Nc4 Nbd7 10. Bf4 $146 {[%mdl 2048] White is pushing.} (10. Re1) 10... e5 11. Bd2 O-O 12. Nh4 g6 13. f4 {[%cal Bf2f4,Bf4f5][%mdl 32]} Ne8 14. Nf3 {[%cal Rf4e5]} f6 {[#]} ({Black should play} 14... Ng7 $14) 15. f5 $1 $16 g5 16. Ne3 Nc7 17. c4 bxc3 18. bxc3 {[%cal Bb2c3,Bc3c4][%mdl 32] aiming for Qb3+.} Rb8 19. h4 h6 20. c4 Kg7 21. Kf2 Na6 22. Rh1 Rh8 23. Qe2 (23. hxg5 $6 fxg5 24. Rb1 Bc6 $14) 23... Nb4 24. Rh2 Bc6 25. a5 Qc7 26. Bc3 Rbg8 27. Nd2 Qd8 (27... h5 $16) 28. Bf3 $18 (28. Bxb4 $6 cxb4 29. Nc2 (29. Qh5 Nc5 $15) 29... b3 30. Nxb3 Nc5 $16) 28... Nb8 29. Bh5 Be8 30. Bxe8 Qxe8 31. Nd5 N8a6 32. Rah1 Bd8 33. Nb3 ({Resist} 33. hxg5 $6 hxg5 34. Qe3 (34. Ke3 Rxh2 35. Qxh2 Rh8 36. Qxh8+ Qxh8 37. Rxh8 Kxh8 $11) 34... Rxh2+ 35. Rxh2 Qf7 $11) 33... g4 34. Qxg4+ Kh7 35. Qe2 h5 36. Rg2 Rg7 37. Ra1 Nc6 (37... Rhg8 $16 {was necessary.} 38. Rgg1 Qf7) 38. Rag1 Rg4 39. Ne3 Rhg8 (39... Rg7 $142 40. Qd1 Rhg8) 40. Nxg4 Rxg4 41. Ra1 Be7 42. Nd2 Bf8 43. Nf1 Bh6 44. Nh2 Rg7 45. g4 Bf4 {[#]} 46. g5 $1 fxg5 47. hxg5 Rxg5 48. Rxg5 Bxg5 49. Rg1 Bh4+ 50. Kf1 Ne7 51. Nf3 {[%cal Bh2f3,Bf3g5,Bg5e6][%mdl 32]} Bf6 52. Bd2 Nb4 53. Ng5+ Kh8 54. Rh1 Kg8 55. Ne6 h4 56. Qg4+ 1-0

[Event "Polar Capital Jersey Festival"]
[Site "St. Helier"]
[Date "2017.04.07"]
[Round "8"]
[White "Hillarp Persson, Tiger"]
[Black "Belzo, Krzysztof"]
[Result "1-0"]
[WhiteElo "2503"]
[BlackElo "2059"]
[Annotator "TA"]
[PlyCount "51"]
[EventDate "2017.??.??"]
[EventCountry "JCI"]
[SourceTitle "playchess.com"]
[Source "ChessBase"]
[SourceQuality "1"]

{[%evp 9,50,16,117,141,126,127,135,145,286,276,252,233,233,234,237,225,235,202,283,291,345,347,276,320,642,636,627,601,634,625,601,425,406,334,849,858,29984,29985,29985,29986,5719,800,29999]} 1. d4 d5 2. c4 c6 3. Nf3 Nf6 4. Nc3 Bf5 5. Qb3 b6 (5... Qb6 $11 {keeps the balance.}) 6. cxd5 $16 {D15: Slav Defence: 4 Nc3 a6 and gambit lines after 4 Nc3 dxc4} Nxd5 7. e4 Nxc3 8. exf5 {White is clearly better.} Ne4 $146 (8... Nd5 $16 9. Bd3 Qd6) (8... Nd5 9. Bd3 Qd6 10. O-O Nd7 11. Re1 g6 12. Bg5 f6 13. Bh4 g5 14. Bg3 Qb4 15. Qc2 Rc8 16. a3 {1-0 (16) Civin,T (2425)-Odehnal,J (2083) Tabor 2009}) 9. Bf4 $18 Nd6 10. Rc1 $40 {[%mdl 128] White attacks with force.} g6 11. Ne5 {Bc4 is the strong threat.} Bg7 12. fxg6 hxg6 13. Bd3 e6 (13... a5 $142 14. O-O a4) 14. O-O ({Less strong is} 14. Nxc6 Nxc6 15. Rxc6 Nf5 $16) ({Don't do} 14. Bxg6 $6 Qf6 $16) 14... Nf5 15. Bxf5 $1 gxf5 16. Rfe1 Qd5 $2 {[#]} (16... Bxe5 17. Bxe5 Rh4) 17. Qxd5 cxd5 18. Rc8+ Ke7 19. Rc7+ Kf8 {If Black can now play ...Bxe5 this consolidates a bit.} 20. Rxf7+ Kg8 21. Re7 Na6 $2 (21... Bxe5 22. Bxe5 Nc6 23. Rxe6 Nxe5) 22. Re3 Rc8 23. Rg3 Rh7 {[#]} 24. Bh6 $1 {[%mdl 512]} Kh8 (24... Rxh6 25. Rexg7+) 25. Rexg7 (25. Nf7+ $142 Kg8 26. Nd6) 25... Rxh6 26. Nf7# 1-0

[Event "Polar Capital Jersey Festival"]
[Site "St. Helier"]
[Date "2017.04.07"]
[Round "8"]
[White "Merry, Alan B"]
[Black "Abbas, Daniel"]
[Result "1/2-1/2"]
[WhiteElo "2412"]
[BlackElo "2285"]
[Annotator "TA"]
[PlyCount "58"]
[EventDate "2017.??.??"]
[EventCountry "JCI"]
[SourceTitle "playchess.com"]
[Source "ChessBase"]
[SourceQuality "1"]

{[%evp 18,58,0,0,0,-13,0,0,16,17,17,18,54,32,34,22,42,43,43,22,29,6,13,0,0,8,0,28,6,0,14,18,44,47,75,68,68,57,65,67,95,0,21]} 1. e4 c5 2. Nf3 e6 3. g3 d5 4. exd5 exd5 5. d4 Nf6 {B40: Sicilian: 2...e6, Unusual lines} 6. Bg2 Be7 7. O-O O-O 8. dxc5 Bxc5 9. Nbd2 {[%cal Bb1d2,Bd2b3,Bb3d4][%mdl 32]} Nc6 10. Nb3 {LiveBook: 11 Games} Bb6 11. c3 Bf5 (11... Ne4 12. Be3 Bxe3 13. fxe3 {½-½ (50) Tomashevsky,E (2716)-Najer,E (2679) Doha 2016}) 12. Re1 Qd7 $146 (12... Be4 $5 {looks sharper.} 13. Be3 Re8 14. Qd2 h6 15. Rad1 Re7) (12... Be4 13. Be3 {½-½ (47) Furlan,M (2293)-Kolaric,S (2114) Slovenia 2016}) 13. Be3 Bxe3 14. Rxe3 Rad8 15. Nbd4 Be4 16. Qa4 Qc7 17. Rd1 Na5 18. Re2 Nd7 19. Nd2 Nc5 20. Qa3 {[#] Threatens to win with b4.} Bxg2 21. Kxg2 {Strongly threatening b4.} Nc4 22. Nxc4 ({Don't go for} 22. Qxa7 $2 Ra8 23. Nb5 Qc8 $19) 22... dxc4 23. Re3 Rd6 24. b3 Ne6 25. bxc4 ({But not} 25. Qxa7 $2 Ra6 26. Nxe6 Qc6+ 27. Kg1 Rxa7 $19) 25... Ra6 26. Qb3 Rb6 27. Qa4 Ra6 28. Qb4 Rb6 {[#]} 29. Qa4 (29. Nb5 $1 $16 {[%cal Rb5c7]} Qc6+ 30. Kg1) 29... Ra6 $1 1/2-1/2

[Event "Polar Capital Jersey Festival"]
[Site "St. Helier"]
[Date "2017.04.07"]
[Round "8"]
[White "Rudd, Jack"]
[Black "Hebden, Mark L"]
[Result "1/2-1/2"]
[WhiteElo "2177"]
[BlackElo "2494"]
[Annotator "TA"]
[PlyCount "114"]
[EventDate "2017.??.??"]
[EventCountry "JCI"]
[SourceTitle "playchess.com"]
[Source "ChessBase"]
[SourceQuality "1"]

{[%evp 17,114,57,54,1,29,0,3,-54,-55,-60,-56,-56,-51,-55,-68,-82,-9,-17,-16,0,0,0,116,108,107,77,88,103,124,126,126,123,121,124,114,98,98,85,105,0,108,107,97,81,161,166,141,-27,-26,-40,107,97,108,87,120,97,127,41,29,27,105,1,1,0,0,0,95,0,0,0,24,0,0,0,62,72,227,214,309,0,0,0,0,0,27,-8,-8,-8,-68,-1000,-8,-8,-8,-8,-8,-8,-8,-8,-8]} 1. d4 Nf6 2. c4 g6 3. Nc3 Bg7 4. e4 d6 5. Be2 O-O 6. Bg5 c6 7. Nf3 h6 8. Be3 {E91: King's Indian: Classical: 6 Be2, unusual replies including 6...c5 and 6...Bg4} Ng4 9. Bc1 e5 {LiveBook: 3 Games} 10. h3 (10. O-O $14) (10. dxe5 Nxe5 11. O-O Be6 12. Nxe5 dxe5 13. Qxd8 Rxd8 14. Be3 Nd7 15. Rfd1 Bf8 {0-1 (34) Levin,F (2475)-Saric,I (2639) Benasque 2011}) 10... exd4 $146 (10... Nf6 11. Be3 Qe7 12. d5 cxd5 13. cxd5 Nh5 14. Qd2 Nf4 15. Bxf4 exf4 16. Qxf4 {1-0 (38) Meduna,E (2420)-Sindler,M (2195) Czechia 2012}) 11. Nxd4 Nf6 $1 12. Nb3 (12. Bd3 $11) 12... Re8 $15 13. f3 Nh5 {Strongly threatening ...Ng3.} 14. O-O a5 {[%cal Ba7a5,Ba5a4][%mdl 32]} 15. Be3 a4 16. Nd4 Ng3 (16... f5 $17) 17. Re1 $11 Qh4 {next ...Bxh3! is good for Black.} 18. Bf1 ({But not} 18. Nxa4 $2 Bxh3 $1 {[%mdl 512]} 19. Nb6 (19. gxh3 Qxh3 20. Bf1 Nxf1 21. Rxf1 Qg3+ 22. Kh1 Re5 $19) 19... Ra6 $19) 18... a3 19. b3 Ra5 (19... Bxh3 $11 {keeps the balance.} 20. gxh3 Nxf1 21. Kxf1 Qxh3+ 22. Ke2 d5) 20. Qd2 $1 $16 Rh5 21. Bf2 Be5 22. Nce2 Na6 23. Nxg3 Bxg3 24. Bxg3 Qxg3 25. Ne2 Qe5 26. g4 Qc5+ 27. Kg2 Rhe5 28. Qxh6 (28. Rad1 $16) 28... Nb4 (28... g5 $1 $11) 29. Qd2 $1 d5 30. Ng3 dxc4 (30... dxe4 $16 31. Rxe4 (31. Nxe4 Qe7 $16) 31... f5 32. Rxe5 Qxe5) 31. Bxc4 $18 b5 32. Rac1 $2 (32. Be2 $1 $16) 32... Qe7 $11 ({Don't take} 32... bxc4 $2 33. Rxc4 Qf8 34. Qxb4 $18) 33. Bf1 $1 Rc5 (33... Rd8 $1 $15 {stays ahead.} 34. Qf2 Re6) 34. Rxc5 $16 (34. Qxb4 $2 Rxc1 35. Qxe7 Rc2+ 36. Re2 Rxe2+ 37. Nxe2 Rxe7 $19) 34... Qxc5 35. Rc1 Qe7 36. Rd1 Be6 37. Ne2 ({White should play} 37. f4 $16) 37... Ra8 $14 38. Nc1 Qc5 (38... g5 $11) 39. Nd3 (39. Be2 $16) 39... Nxd3 $11 40. Qxd3 Ra7 41. Qd8+ Qf8 (41... Kg7 $1 $11 {remains equal.}) 42. Qf6 (42. Qxf8+ $16 Kxf8 43. f4) 42... Rd7 43. Rxd7 Bxd7 44. Bd3 Be6 45. e5 Qg7 (45... Qb4 $11 46. Qd8+ Kh7) 46. Qg5 $1 $14 b4 $2 (46... Qf8 $16) 47. f4 $18 c5 (47... Bd5+ $142 48. Kg3 Qf8) 48. Qd8+ $2 (48. Kg3 $1 $18) 48... Qf8 $11 49. Qc7 (49. Qf6 $5 {with more complications.} Qa8+ 50. Kh2 Qd5 51. f5 Qxd3 52. fxe6 Qe2+ 53. Kg3) 49... Qc8 (49... Bxb3 $5 {creates asymmetry.} 50. axb3 Qa8+ 51. Kf2 a2 52. Bc4 a1=Q) 50. Qd6 Qd7 (50... Qa8+ $5 {is more complex.} 51. Kg3 Qh1 52. f5 Qe1+ 53. Kg2 Qd2+) 51. Qxd7 Bxd7 {[%mdl 4096] Endgame KB-KB} 52. Kg3 Be6 {Hoping for ...Bxb3!} 53. Bb1 $2 {[%mdl 8192] [#]} (53. Bc2 $15) 53... c4 $2 ({Black should try} 53... Bxb3 $1 $19 {[%mdl 512] White must now prevent ...c4.} 54. g5 (54. axb3 c4) 54... Bd5) 54. f5 {The position is equal.} gxf5 55. gxf5 Bd5 56. bxc4 Bxc4 57. Kf4 b3 1/2-1/2

[Event "Polar Capital Jersey Festival"]
[Site "St. Helier"]
[Date "2017.04.07"]
[Round "8"]
[White "Resnjanskij, Denis"]
[Black "Klingher, Dominic"]
[Result "0-1"]
[WhiteElo "2042"]
[BlackElo "2116"]
[Annotator "TA"]
[PlyCount "22"]
[EventDate "2017.??.??"]
[EventCountry "JCI"]
[SourceTitle "playchess.com"]
[Source "ChessBase"]
[SourceQuality "1"]

{[%evp 12,22,40,-31,-24,-19,-13,-40,0,-107,-108,-611,-620]} 1. d4 Nf6 2. Nf3 g6 3. c4 Bg7 4. Nc3 O-O 5. e4 d6 6. Be2 e5 7. h3 (7. d5 $14) 7... exd4 $15 {E92: King's Indian: Classical: 6 Be2 e5: 7 dxe5, 7 Be3 and Petrosian System without 7...Nbd7} 8. Nxd4 Re8 9. Bf3 Nxe4 10. Nxe4 (10. Bxe4 $11 f5 11. O-O fxe4 12. Re1) 10... f5 $17 11. Bg5 $146 {[%mdl 8192] [#]} (11. Nb5 $17) (11. O-O fxe4 12. Be2 Nc6 13. Be3 Bd7 14. Rb1 a5 15. b3 Nxd4 16. Bxd4 {0-1 (57) Jokic,Z-Kolarevic,D (2155) Serbia 2007}) 11... Qxg5 $1 0-1

[Event "Polar Capital Jersey Festival"]
[Site "St. Helier"]
[Date "2017.04.07"]
[Round "8"]
[White "Hickman, John E"]
[Black "Thalwitzer, Daniel"]
[Result "0-1"]
[WhiteElo "1897"]
[BlackElo "2114"]
[Annotator "TA"]
[PlyCount "86"]
[EventDate "2017.??.??"]
[EventCountry "JCI"]
[SourceTitle "playchess.com"]
[Source "ChessBase"]
[SourceQuality "1"]

{[%evp 16,86,13,-19,-7,-25,-14,-25,-15,-26,-17,-26,-2,-8,0,-24,-12,-87,-79,-75,-55,-77,-48,-25,-25,-71,-61,-99,-87,-118,-107,-111,-112,-137,-150,-155,-140,-252,-248,-241,-214,-266,-242,-287,-241,-358,-250,-249,-243,-270,-277,-299,-294,-295,-296,-297,-291,-389,-377,-390,-389,-418,-414,-486,-479,-927,-923,-29980,-29981,-5343,-1199,-1330,-1094]} 1. e4 c5 2. Nf3 d6 3. g3 Nc6 4. Bg2 Nf6 5. d3 g6 6. O-O Bg7 7. Nbd2 O-O 8. c3 b5 {A05: Réti Opening: 1 Nf3 Nf6} (8... e5 9. a4 h6 10. Nc4 Be6 11. Qe2 Qc7 12. Nfd2 Rad8 13. a5 d5 14. exd5 Nxd5 15. Ne4 b6 16. axb6 axb6 17. Re1 Qd7 18. Na3 Bg4 19. Qc2 {½-½ (50) Amin,B (2652)-Robson,R (2613) Antalya 2013}) 9. Re1 {LiveBook: 3 Games} e5 10. a4 b4 {Black has an edge.} 11. Nc4 Ba6 12. Ne3 Rb8 13. Qc2 Qb6 14. Nd2 Na5 15. c4 $146 (15. Kh1 Qc7 16. f4 exf4 17. gxf4 {1-0 (43) Short,N (2225)-Bachmann,K (2220) London 1978}) 15... Nc6 16. f4 (16. Nb3 $11) 16... exf4 $17 17. gxf4 Bc8 18. Nf3 Nh5 19. Nd5 Qd8 20. Be3 Be6 21. Rad1 b3 22. Qf2 {[#]} Bxd5 $1 23. cxd5 Nb4 24. Re2 Nc2 25. Bc1 Rb4 26. Rxc2 (26. f5 $17) 26... bxc2 $19 27. Qxc2 Qb6 28. a5 Qb5 ({Weaker is} 28... Rxb2 29. Bxb2 (29. axb6 $2 {is the wrong capture.} Rxc2 30. bxa7 Ra8 $19) 29... Qxb2 30. Qxb2 Bxb2 31. e5 $17) 29. d4 cxd4 30. Qc7 (30. e5 $142) 30... Qb8 31. Qxb8 Rfxb8 ({Don't do} 31... Rbxb8 32. Nxd4 Bxd4+ 33. Rxd4) 32. e5 {[#]} d3 $1 {[%mdl 512]} 33. Rxd3 Nxf4 34. Bxf4 Rxf4 35. exd6 Bxb2 36. Nd2 f5 37. d7 Rd8 38. Nb3 Rxd7 39. Nc5 Rc7 40. d6 (40. Nb3 $142) 40... Rxc5 41. d7 Rc1+ 42. Bf1 Rfxf1+ 43. Kg2 Bf6 0-1

[Event "Polar Capital Jersey Festival"]
[Site "St. Helier"]
[Date "2017.04.07"]
[Round "8"]
[White "Hall, Alan"]
[Black "Mooney, Graham"]
[Result "1-0"]
[WhiteElo "1771"]
[BlackElo "1875"]
[Annotator "NA RC"]
[PlyCount "165"]
[EventDate "2017.??.??"]
[EventCountry "JCI"]
[SourceTitle "playchess.com"]
[Source "ChessBase"]
[SourceQuality "1"]
[TimeControl "5400+30"]

1. d4 {[%emt 0:00:00]} Nf6 {[%emt 0:00:27]} 2. Bf4 {[%emt 0:00:00]} d5 {[%emt 0:00:39]} 3. e3 {[%emt 0:00:00]} Bf5 {[%emt 0:01:37]} 4. Nf3 {[%emt 0:00:39]} e6 {[%emt 0:01:52]} 5. Nbd2 {[%emt 0:02:44]} Be7 {[%emt 0:00:48]} 6. h3 {[%emt 0:01:44] D02: 1 d4 d5 2 Nf3 sidelines, including 2...Nf6 3 g3 and 2...Nf6 3 Bf4} O-O {[%emt 0:02:05]} (6... h6 7. Be2 Nbd7 8. O-O O-O 9. c4 Ne4 10. Qb3 dxc4 11. Nxc4 b6 12. Rfd1 Nd6 13. Nce5 Be4 {1-0 (47) Gemy Vargas,J (2406)-Sztokbant,B (2237) Buenos Aires 2015}) 7. Be2 {[%emt 0:01:52]} c5 {[%emt 0:00:26]} 8. O-O {[%emt 0:00:30]} Qb6 $146 {[%emt 0:00:30]} (8... Nc6 9. dxc5 Bxc5 10. a3 a5 11. c4 dxc4 12. Nxc4 Nd5 13. Bg3 {1-0 (50) Szczepkowska,K (2041)-Szydlowska,M (2040) Poland 2002}) 9. Qc1 {[%emt 0:00:30]} Nc6 {[%emt 0:00:30]} 10. c3 {[%emt 0:00:30]} Rac8 {[%emt 0:00:30]} 11. dxc5 {[%emt 0:00:30]} Bxc5 {[%emt 0:00:30]} 12. Nh4 {[%emt 0:00:30]} Bg6 {[%emt 0:00:30]} 13. Nxg6 {[%emt 0:00:30]} hxg6 {[%emt 0:00:30]} 14. Nb3 {[%emt 0:00:30]} Be7 {[%emt 0:00:30]} 15. Nd4 {[%emt 0:00:30]} Bc5 {[%emt 0:00:30]} 16. Rd1 {[%emt 0:00:30]} Rfe8 {[%emt 0:00:30]} 17. Nxc6 {[%emt 0:00:30]} Rxc6 {[%emt 0:00:30]} 18. a4 {[%emt 0:00:30]} e5 {[%emt 0:00:30]} 19. Bh2 {[%emt 0:00:30]} a6 {[%emt 0:00:30]} 20. a5 {[%emt 0:00:30]} Qa7 {[%emt 0:00:30]} 21. Bf3 {[%emt 0:00:30]} e4 {[%emt 0:00:30]} 22. Be2 {[%emt 0:00:30]} Bd6 {[%emt 0:00:30]} 23. Bxd6 {[%emt 0:00:30]} Rxd6 {[%emt 0:00:30]} 24. Qd2 {[%emt 0:00:30]} Red8 {[%emt 0:00:30]} 25. Ra4 {[%emt 0:00:30]} Nd7 {[%emt 0:00:30]} 26. Rxe4 {[%emt 0:00:30]} Nc5 {[%emt 0:00:30]} 27. Rb4 {[%emt 0:00:30]} Ne4 {[%emt 0:00:30]} 28. Qc1 {[%emt 0:00:30]} Qb8 {[%emt 0:00:30]} 29. Rbd4 {[%emt 0:00:30]} Qc7 {[%emt 0:00:30]} 30. Bf3 {[%emt 0:00:30]} Nf6 {[%emt 0:00:30]} 31. b4 {[%emt 0:00:30]} R6d7 {[%emt 0:00:30]} 32. R1d3 {[%emt 0:00:30]} Qe5 {[%emt 0:00:30]} 33. Qd1 {[%emt 0:00:30]} Rc8 {[%emt 0:00:30]} 34. g3 {[%emt 0:00:30]} Rdc7 {[%emt 0:00:30]} 35. Qd2 {[%emt 0:00:30]} Ne4 {[%emt 0:00:30]} 36. Bxe4 {[%emt 0:00:30]} dxe4 {[%emt 0:00:30]} 37. Rd8+ {[%emt 0:00:30]} Kh7 {[%emt 0:00:30]} 38. Rxc8 {[%emt 0:00:30]} Rxc8 {[%emt 0:00:30]} 39. Rd4 {[%emt 0:00:30]} f5 {[%emt 0:00:30]} 40. c4 {[%emt 0:00:30]} Qe6 {[%emt 0:00:30]} 41. Qc3 {[%emt 0:00:30]} g5 {[%emt 0:00:30]} 42. c5 {[%emt 0:00:30]} Rc6 {[%emt 0:00:30]} 43. Qc4 {[%emt 0:00:30]} Qf6 {[%emt 0:00:30]} 44. Qd5 {[%emt 0:00:30]} Rc7 {[%emt 0:00:30]} 45. Qd6 {[%emt 0:00:30]} Qf7 {[%emt 0:00:30]} 46. Rd5 {[%emt 0:00:30]} Re7 {[%emt 0:00:30]} 47. Kg2 {[%emt 0:00:30]} g6 {[%emt 0:00:30]} 48. Re5 {[%emt 0:00:30]} Rd7 {[%emt 0:00:30]} 49. Qe6 {[%emt 0:00:30]} Kg7 {[%emt 0:00:30]} 50. Qe8 {[%emt 0:00:30]} Qxe8 {[%emt 0:00:30]} 51. Rxe8 {[%emt 0:00:30]} Kf7 {[%emt 0:00:30]} 52. Rc8 {[%emt 0:00:30]} Ke6 {[%emt 0:00:30]} 53. c6 {[%emt 0:00:30]} bxc6 {[%emt 0:00:30]} 54. Rxc6+ {[%emt 0:00:30]} Rd6 {[%emt 0:00:30]} 55. Rc4 {[%emt 0:00:30]} Kd5 {[%emt 0:00:30]} 56. Rc5+ {[%emt 0:00:30]} Ke6 {[%emt 0:00:30]} 57. Kf1 {[%emt 0:00:30]} Kd7 {[%emt 0:00:30]} 58. Ke2 {[%emt 0:00:30]} Rd3 {[%emt 0:00:30]} 59. g4 {[%emt 0:00:30]} Rb3 {[%emt 0:00:30]} 60. gxf5 {[%emt 0:00:30]} Rb2+ {[%emt 0:00:30]} 61. Kf1 {[%emt 0:00:30]} gxf5 {[%emt 0:00:30]} 62. Rxf5 {[%emt 0:00:30]} Rxb4 {[%emt 0:00:30]} 63. Rf6 {[%emt 0:00:30]} Kc7 {[%emt 0:00:30]} 64. Rxa6 {[%emt 0:00:30]} Ra4 {[%emt 0:00:30]} 65. Kg2 {[%emt 0:00:30]} Kb7 $2 {[%emt 0:00:30]} (65... Ra1 66. Re6 Rxa5 67. Rxe4 Kd6) 66. Re6 {[%emt 0:00:30]} Rxa5 {[%emt 0:00:30]} 67. Rxe4 {[%emt 0:00:30]} Kc6 {[%emt 0:00:30]} 68. Kg3 {[%emt 0:00:30]} Kd6 {[%emt 0:00:30]} 69. Kg4 {[%emt 0:00:30]} Ra2 {[%emt 0:00:30]} 70. f3 {[%emt 0:00:30]} Rg2+ {[%emt 0:00:30]} 71. Kf5 {[%emt 0:00:30]} Rg3 {[%emt 0:00:30]} 72. f4 {[%emt 0:00:30]} gxf4 {[%emt 0:00:30]} 73. exf4 {[%emt 0:00:30]} Rxh3 {[%emt 0:00:30]} 74. Kg5 {[%emt 0:00:30]} Rh8 {[%emt 0:00:30]} 75. f5 {[%emt 0:00:30]} Rf8 {[%emt 0:00:30]} 76. Kg6 {[%emt 0:00:30]} Rg8+ {[%emt 0:00:30]} 77. Kf7 {[%emt 0:00:30]} Rg1 {[%emt 0:00:30]} (77... Rg2 {[%emt 0:00:30]}) 78. f6 {[%emt 0:00:30]} Kd5 {[%emt 0:00:30]} 79. Re7 {[%emt 0:00:30]} Rg2 {[%emt 0:00:30]} 80. Kf8 {[%emt 0:00:30]} Kd6 {[%emt 0:00:30]} 81. Rg7 {[%emt 0:00:30]} Re2 {[%emt 0:00:30]} 82. f7 {[%emt 0:00:30]} Ra2 {[%emt 0:00:30]} 83. Kg8 {[%emt 0:00:30]} 1-0

[Event "Polar Capital Jersey Festival"]
[Site "St. Helier"]
[Date "2017.04.08"]
[Round "9"]
[White "Hillarp Persson, Tiger"]
[Black "Pleasants, Allan J"]
[Result "1-0"]
[WhiteElo "2503"]
[BlackElo "1982"]
[Annotator "TA"]
[PlyCount "39"]
[EventDate "2017.??.??"]
[EventCountry "JCI"]
[SourceTitle "playchess.com"]
[Source "ChessBase"]
[SourceQuality "1"]

1. c4 $146 (1. e4 e6 2. d4 d5 3. Nd2 c5 4. exd5 Qxd5 5. dxc5 Bxc5 6. Ngf3 Nf6 7. Bc4 Qc6 8. Qe2 O-O 9. Nb3 Be7 10. Bf4 a6 11. O-O b5 12. Bd3 Qb6 13. a4 Nd5 14. Bg3 b4 15. a5 {1-0 (34) Adams,M (2745)-Gupta,A (2626) Douglas 2016}) 1... d6 2. Nc3 e5 3. g3 g6 4. d4 Nc6 5. Nf3 Bg7 6. dxe5 Nxe5 7. Nxe5 {A41: 1 d4 d6: Tartakower System and Modern Defence} Bxe5 8. Bg2 Ne7 (8... Bg7 9. O-O Nf6 10. Bf4 O-O 11. c5 Nh5 12. Be3 Re8 13. cxd6 Rxe3 14. fxe3 cxd6 {1-0 (67) Shomoev,A (2564)-Savchenko,B (2571) Kirov 2012}) 9. Qd2 O-O 10. O-O Rb8 11. b3 a6 12. Bb2 f5 $146 (12... b5 13. Nd5 bxc4 14. Bxe5 dxe5 15. bxc4 Nf5 16. Rfd1 c6 17. Nc3 Qd4 18. Bxc6 Qxc4 19. Bd5 Qc7 20. Rac1 Qe7 21. e3 Kg7 22. Ne4 {½-½ (22) Hausrath,D (2260)-Altounian,L Bratislava 1993}) 13. Rad1 Qe8 14. f4 Bf6 15. e4 {[%cal Be2e4,Be4e5][%mdl 32]} Nc6 16. Rfe1 Qd8 17. Nd5 Bxb2 18. Qxb2 b5 19. c5 b4 20. e5 1-0

[Event "Polar Capital Jersey Festival"]
[Site "St. Helier"]
[Date "2017.04.08"]
[Round "9"]
[White "Hebden, Mark L"]
[Black "Speelman, Jon S"]
[Result "1-0"]
[WhiteElo "2494"]
[BlackElo "2511"]
[Annotator "TA"]
[PlyCount "48"]
[EventDate "2017.??.??"]
[EventCountry "JCI"]
[SourceTitle "playchess.com"]
[Source "ChessBase"]
[SourceQuality "1"]

{[%evp 22,48,0,0,78,64,248,249,254,214,241,248,373,373,372,366,1290,1243,1298,500,704,710,766,761,758,591,749,729,1537]} 1. d4 Nf6 2. Nf3 e6 3. e3 b6 4. Bd3 Bb7 5. O-O Be7 6. c4 c5 7. Nc3 cxd4 8. exd4 d5 9. cxd5 Nxd5 10. Ne5 O-O 11. Qg4 Nf6 12. Qh4 Nc6 {[#] E14: Queen's Indian: Classical Variation (4 e3)} (12... Ne4 $11 {remains equal.} 13. Qh3 Qxd4) 13. Bg5 $1 $16 Re8 $146 ({Better is} 13... Nxe5 $1 $14 14. Bxf6 Nxd3 15. Bxe7 Qc7) (13... Nxe5 14. Bxf6 Nxd3 15. Bxe7 Qc7 16. Bxf8 Rxf8 17. Nd1 Rd8 18. Ne3 f6 19. Rab1 g5 20. Qg4 {0-1 (39) Sambuev,B (2562)-Cordova,E (2616) Havana 2014}) 14. Bxf6 $1 $18 Bxf6 {White is clearly better.} 15. Qxh7+ Kf8 16. Be4 $40 {[%mdl 128] White goes for the king.} Qc8 (16... Nxd4 $142 17. Bxb7 Bxe5 18. Bxa8 Qxa8) 17. Bxc6 Bxc6 18. Rac1 Qb7 $2 (18... Bxe5 19. dxe5 Qb7) 19. Nxc6 {White is clearly winning.} Qxc6 {[#]} 20. d5 (20. Nd5 $142 $1 {[%mdl 512]} Qxd5 21. Rc7) 20... exd5 {[#]} 21. Nb5 $1 {[%mdl 512]} Qe6 (21... Qxb5 22. Rc7) 22. Nc7 Qe4 23. Qh8+ Ke7 24. Qh3 Qd4 1-0

[Event "Polar Capital Jersey Festival"]
[Site "St. Helier"]
[Date "2017.04.08"]
[Round "9"]
[White "Abbas, Daniel"]
[Black "Robertson, Ian C"]
[Result "1-0"]
[WhiteElo "2285"]
[BlackElo "2053"]
[Annotator "TA"]
[PlyCount "49"]
[EventDate "2017.??.??"]
[EventCountry "JCI"]
[SourceTitle "playchess.com"]
[Source "ChessBase"]
[SourceQuality "1"]

{[%evp 20,49,104,98,116,128,119,128,142,133,178,159,253,232,257,243,656,652,670,691,643,656,885,880,882,871,1227,1195,1367,1311,29984,29984]} 1. e4 d5 2. exd5 Qxd5 3. Nc3 Qd8 4. d4 Nf6 5. Nf3 Bg4 6. h3 Bxf3 {B01: Scandinavian Defence} 7. Qxf3 c6 8. Be3 (8. Ne2 e6 9. g4 Qd5 10. Bg2 Nbd7 11. Qg3 Qc4 12. Qb3 Qxb3 13. axb3 Bd6 14. c4 {0-1 (50) Caruana,F (2801)-Carlsen,M (2877) Tromsoe 2014}) 8... e6 9. Bd3 Nbd7 10. O-O-O Qa5 11. Kb1 {LiveBook: 5 Games} Be7 12. g4 {[%cal Bg2g4,Bg4g5][%mdl 32]} Nd5 13. Nxd5 cxd5 $146 (13... Qxd5 14. Be4 {1-0 (77) Brkic,A (2566)-Piskur,M (2270) Zadar 2013}) 14. g5 b5 15. h4 {[%cal Bh3h4,Bh4h5][%mdl 32]} Rc8 (15... Qb6 $16 16. h5 h6) 16. h5 $18 Rc6 17. g6 f5 $2 (17... Rf8 18. h6 (18. gxh7 Ra6 $16) 18... fxg6 19. hxg7 Rxf3 20. g8=Q+ Rf8 21. Qxh7 g5) 18. h6 hxg6 19. hxg7 Rg8 {[#]} 20. Bxf5 $1 {[%mdl 512]} Rxg7 (20... exf5 21. Qxd5) 21. Rh8+ Nf8 22. Bh6 {[%cal Be3h6,Bh6g7,Bg7f8][%mdl 32]} Ra6 23. a3 gxf5 24. Bxg7 b4 25. Bxf8 1-0